| 000 | 00497nam a2200181Ia 4500 | ||
|---|---|---|---|
| 001 | 20172 | ||
| 005 | 20260306172746.0 | ||
| 008 | 260306t2006||||xx |||||||||||||| ||spa|| | ||
| 041 | _aESP | ||
| 082 |
_a342.812 _bD75 |
||
| 100 |
_aDiez-Picazo y Ponce de Leon, Luis _eAUT |
||
| 245 | 0 |
_aLa compraventa internacional de mercaderías: _bcomentario de la convención de Viena |
|
| 260 | _c2006 | ||
| 300 |
_a762 páginas : _c23 cm. |
||
| 650 | _aGEN | ||
| 654 | _aCDE | ||
| 942 |
_cLIB _dJUS _fJUS _2ddc _n |
||
| 999 |
_c20172 _d20172 |
||